61* (Record no. 963)

MARC details
000 -LEADER
fixed length control field 02616cgm a2200577Ia 4500
003 - CONTROL NUMBER IDENTIFIER
control field data
005 - DATE AND TIME OF LATEST TRANSACTION
control field 20260322212041.0
007 - PHYSICAL DESCRIPTION FIXED FIELD--GENERAL INFORMATION
fixed length control field data
008 - FIXED-LENGTH DATA ELEMENTS--GENERAL INFORMATION
fixed length control field data
020 ## - INTERNATIONAL STANDARD BOOK NUMBER
International Standard Book Number 0783118430
020 ## - INTERNATIONAL STANDARD BOOK NUMBER
International Standard Book Number 9780783118437
028 42 - PUBLISHER OR DISTRIBUTOR NUMBER
Publisher or distributor number 91782
Source HBO Home Video
040 ## - CATALOGING SOURCE
Original cataloging agency OQX
Transcribing agency OQX
Modifying agency VP@
-- BTCTA
-- OCLCG
-- VP@
041 1# - LANGUAGE CODE
Language code of text/sound track or separate title engspa
Language code of summary or abstract fre
050 #4 - LIBRARY OF CONGRESS CALL NUMBER
Classification number GV865.A1
Item number S59 2001
082 04 - DEWEY DECIMAL CLASSIFICATION NUMBER
Classification number 791.43
090 ## - LOCALLY ASSIGNED LC-TYPE CALL NUMBER (OCLC); LOCAL CALL NUMBER (RLIN)
Classification number (OCLC) (R) ; Classification number, CALL (RLIN) (NR) DVD 744
001 - CONTROL NUMBER
control field data
245 10 - TITLE STATEMENT
Title 61*
Medium [videorecording] /
Statement of responsibility, etc. Hank Steinberg ... [et al.].
246 3# - VARYING FORM OF TITLE
Title proper/short title Sixty one.
250 ## - EDITION STATEMENT
Edition statement Widescreen version, 16:9.
260 ## - PUBLICATION, DISTRIBUTION, ETC.
Place of publication, distribution, etc. New York, NY :
Name of publisher, distributor, etc. HBO Home Video,
Date of publication, distribution, etc. c2001.
300 ## - PHYSICAL DESCRIPTION
Extent 1 videodisc (129 min.) :
Other physical details sd., col. ;
Dimensions 4 3/4 in.
500 ## - GENERAL NOTE
General note Special features include: Animated menus, chapter selections, cast & director bios, Making of 61* featurette, player bios & stats, 1961 home run list, original trailer.
508 ## - CREATION/PRODUCTION CREDITS NOTE
Creation/production credits note Director of photography, Haskell Wexler ; editor, Michael Jablow ; music, Marc Shaiman ; costume designer, Dan Moore ; production designer, Rusty Smith.
511 1# - PARTICIPANT OR PERFORMER NOTE
Participant or performer note Thomas Jane, Barry Pepper, Richard Masur, Bruce McGill, Chris Bauer, Chris McDonald, Donald Moffat, Anthony Michael Hall.
520 ## - SUMMARY, ETC.
Summary, etc. Mickey Mantle and Roger Maris, one was the Yankees' best loved players and the other was their most valuable. 1961 was about to be the summer that no one who loves baseball will ever forget. Both men find that they are approaching Babe Ruth's 1927 single-season 60 home-run record. Facing pressure from the media and the stands, both men know that there is only room for one winner. The fans make their choice, but the people's favorite isn't the favorite to win.
521 8# - TARGET AUDIENCE NOTE
Target audience note MPAA rating: Not rated.
538 ## - SYSTEM DETAILS NOTE
System details note DVD, English 5.1, English Dolby surround, Spanish stereo.
546 ## - LANGUAGE NOTE
Language note English or Spanish dialogue; English, French, or Spanish subtitles.
600 10 - SUBJECT ADDED ENTRY--PERSONAL NAME
Personal name Mantle, Mickey,
Dates associated with a name 1931-1995
Form subdivision Drama.
600 10 - SUBJECT ADDED ENTRY--PERSONAL NAME
Personal name Maris, Roger,
Dates associated with a name 1934-1985
Form subdivision Drama.
610 20 - SUBJECT ADDED ENTRY--CORPORATE NAME
Corporate name or jurisdiction name as entry element New York Yankees (Baseball team)
Form subdivision Drama.
650 #0 - SUBJECT ADDED ENTRY--TOPICAL TERM
Topical term or geographic name entry element Baseball
General subdivision Records
Form subdivision Drama.
650 #0 - SUBJECT ADDED ENTRY--TOPICAL TERM
Topical term or geographic name entry element Feature films.
655 #7 - INDEX TERM--GENRE/FORM
Genre/form data or focus term Sports films.
Source of term lcsh.
655 #7 - INDEX TERM--GENRE/FORM
Genre/form data or focus term Video recordings for the hearing impaired.
Source of term lcsh.
700 1# - ADDED ENTRY--PERSONAL NAME
Personal name Steinberg, Hank.
700 1# - ADDED ENTRY--PERSONAL NAME
Personal name Crystal, Billy.
700 1# - ADDED ENTRY--PERSONAL NAME
Personal name Jane, Thomas.
700 1# - ADDED ENTRY--PERSONAL NAME
Personal name Pepper, Barry,
Dates associated with a name 1970-
700 1# - ADDED ENTRY--PERSONAL NAME
Personal name Masur, Richard.
700 1# - ADDED ENTRY--PERSONAL NAME
Personal name McGill, Bruce,
Dates associated with a name 1950-
700 1# - ADDED ENTRY--PERSONAL NAME
Personal name Bauer, Chris.
700 1# - ADDED ENTRY--PERSONAL NAME
Personal name McDonald, Christopher,
Dates associated with a name 1955-
700 1# - ADDED ENTRY--PERSONAL NAME
Personal name Moffat, Donald,
Dates associated with a name 1930-
700 1# - ADDED ENTRY--PERSONAL NAME
Personal name Hall, Anthony Michael.
710 2# - ADDED ENTRY--CORPORATE NAME
Corporate name or jurisdiction name as entry element HBO Films.
710 2# - ADDED ENTRY--CORPORATE NAME
Corporate name or jurisdiction name as entry element Face Productions.
710 2# - ADDED ENTRY--CORPORATE NAME
Corporate name or jurisdiction name as entry element HBO Video (Firm)
Holdings
Withdrawn status Lost status Damaged status Not for loan Home library Current library Shelving location Date acquired Total checkouts Full call number Barcode Date last seen Price effective from Koha item type
        Fairview Fairview General stacks 22/03/2026   791.43 BC0010995 22/03/2026 22/03/2026 Books